000 00315 a2200145 4500
001 155564
040 _cEscola São Tomás de Aquino
100 _aCARPANEDA, Isabella
240 1 0 _aPorta aberta
_lpor
245 1 0 _aPorta aberta
300 _a272
362 0 _a2014
697 _aLíngua portuguesa
942 _cBK
999 _c155564
_d155564